000 00314pam a2200145 a 4500
020 _c
041 _h
082 _b89
100 _aJohn Wilimshurat, Adrian Mackay.
245 _aFundamentals of Advertising
_hTextual Documents
250 _a1999.
260 _aPune:
_bISBA.
300 _a384.
930 _a88
999 _c233878
_d233878